000 005190000a22001810004500
003 MACL
005 20160226133559.0
008 160226b xxu||||| |||| 00| 0 eng d
040 _aMACL
_cMACL
041 _aHindi
082 _a800
100 _aयशपाल
_940638
245 _aस्‍वर्गोधान बिना सांप
260 _bलोकभारती प्रकाशन
_c1975
_aइलाहाबाद
350 _a8
650 _aLiteracture
_939932
942 _cHIN
_k800
_2ddc
999 _c26386
_d26386